000 02380nam a2200253 i 4500
001 Rebiun34540484
008 221108s2022 sp b 000 0 spa d
020 _a9788467064643
040 _ctbs
041 _aspa
100 _aAlonso Peña, José-Ramón
_d1962-
_925218
_eauthor
245 1 3 _aEl cerebro enamorado
_b: los mecanismos neuronales del amor
_c/ José Ramón Alonso.
260 _aBarcelona :
_bEspasa,
_c2022.
300 _a223 pages ;
_c23 cm.
504 _aIncludes bibliographical references.
505 _aLa ciencia del amor — Las bases del amor — La importancia de la atracción — Males de amores — Eso de la modernidad.
520 _aEl amor es la piedra angular de nuestra vida personal y social. Se le had dedicado miles de reflexiones literarias y artísticas, pero conocemos muy poco de sus bases científicas. Sin embargo, la cienca tiene muchísimo que decirnos sobre el amor, el proceso de enamoramiento, la ruptura o cómo reavivar una relación. Sin amor nuestra vida no tendríasentido, pues estamos programados para encontrar a una persona, establecer vínculos con ella e intentar tener una vida juntos. Cuanto más sabes sobre un tema, más lo disfrutas. Conociendo los mecanismos cerebrales del amor, entenderemos mejor cómo funciona para paliar frustraciones y fracasos, para hacer las cosas mejor cada día y tratar de alcanzar la plentitud en nuestra vida, también en nuestra vida amorosa.
520 _aLove is the cornerstone of our personal and social lives. It has inspired thousands of literary and artistic reflections, yet we know very little about its scientific foundations. However, science has a great deal to tell us about love—the process of falling in love, breakups, and how to rekindle a relationship. Without love, our lives would lack meaning, as we are biologically programmed to find someone, form bonds with them, and try to build a life together. The more you know about a subject, the more you enjoy it. By understanding the brain mechanisms behind love, we can better grasp how it works—helping us to ease frustrations and overcome failures, to do things better each day, and to strive for fulfillment in life, including in our romantic lives.
650 0 _aBrain
_99635
650 0 _aLove
_912253
650 0 _aNeuropsychology
_911662
655 0 _aInformational works
_923310
942 _2lcc
999 _c4659
_d4659